Divný Janko

Reštaurácia Divný Janko má významnú históriu. V noci, 4.-5. marca 1844 tu Janko Matúška, 23-ročný študent, napísal text slovenskej hymny na melódiu jednej z ľudových piesní.

Uložené v:
Podrobná bibliografia
Hlavný autor: Lisá, Lea
Médium: Kapitola
Jazyk:Slovak
Predmet:
Tagy: Pridať tag
Žiadne tagy, Buďte prvý, kto otaguje tento záznam!

MARC

LEADER 00000naa a2200000 4500
001 0288421
005 20240417075217.7
041 0 |a slo 
044 |a SK 
245 1 0 |a Divný Janko  |c Lea Lisá 
520 |a Reštaurácia Divný Janko má významnú históriu. V noci, 4.-5. marca 1844 tu Janko Matúška, 23-ročný študent, napísal text slovenskej hymny na melódiu jednej z ľudových piesní. 
610 2 0 |a reštaurácie 
610 2 0 |a Slovensko 
610 2 0 |a história 
610 2 0 |a hudba 
100 1 |a Lisá, Lea